[Event "EU-ch 17th"]
[Site "Gjakova"]
[Date "2016.05.15"]
[Round "4"]
[White "Inarkiev, Ernesto"]
[Black "Andriasian, Zaven"]
[Result "1-0"]
[WhiteElo "2686"]
[BlackElo "2602"]
[Annotator "Inarkiev,E"]
[PlyCount "95"]
[EventDate "2016.05.12"]
[EventType "swiss"]
[EventRounds "11"]
[EventCountry "KOS"]
[SourceTitle "CBM 173"]
[Source "ChessBase"]
[SourceDate "2016.07.12"]
[SourceVersion "1"]
[SourceVersionDate "2016.07.12"]
[SourceQuality "1"]

{This game was played in round 4, we both had 3 out of 3, and were leading the
tournament along with many other players at that moment. It's a good example
of converting an advantage. I got a big advantage out of the opening, but
Zaven found an idea to complicate the game, so to win I needed to find a lot
of good moves.} 1. e4 c5 2. Nf3 d6 3. d4 cxd4 4. Nxd4 Nf6 5. Nc3 a6 {The
Najdorf is the main weapon in Zaven's repertoire.} 6. Be3 e5 7. Nb3 Be7 8. f3
Be6 9. Qd2 O-O 10. O-O-O a5 {Some years ago this line became quite popular.
Instead of pushing all the pawns with b5-b4, Black wants to kick away the
b3-knight, or get the b4-square for his own knight.} 11. a4 Nc6 12. g4 Nb4 13.
Kb1 Rc8 14. g5 Nh5 {The main move.} ({In his previous game in this line,
Andriasian tried} 14... Ne8 $6 {but after} 15. f4 $1 exf4 16. Bxf4 Bg4 17. Re1
$16 {Swiercz,D (2654)-Andriasian,Z (2631) Martuni 2013, White got a clear
advantage.}) 15. Rg1 f5 $6 {Typical idea, but at the wrong moment. Strangely
enough, this is the most popular move in this position.} ({Other options} 15...
g6) ({or} 15... d5 16. exd5 Bf5) 16. gxf6 $1 {After this direct move, Black
doesn't have a comfortable answer.} Rxf6 (16... Nxf6 $2 {is bad because of} 17.
Nc5 $1 $18 {[%cal Gd2g2]} Bf7 (17... dxc5 18. Qg2 $18) 18. Bh3 {[%cal Ge3h6]})
17. Bg5 $1 Rxf3 18. Bxe7 Qxe7 19. Qxd6 Qxd6 20. Rxd6 {Now Black has a very
unpleasunt endgame - his queenside is very weak.} Nf4 $5 $146 {This move gives
more practical chances.} ({Objectively better is} 20... Bxb3 {but after} 21.
cxb3 Nf6 22. Bc4+ Kf8 23. Rb6 $16 {Black is passive and didn't save the game
in Wei,Y (2694)-Alikulov,E (2375) Tashkent 2016.}) 21. Nxa5 {I spent a lot of
time on this obvious move, because it was critical to understand how strong
Black's threats were.} Rf2 (21... Rfxc3 {is too much:} 22. bxc3 Rxc3 23. Rb6
$18 {Without queens White's king is out of danger.}) 22. Nxb7 $1 {This greedy
move, and especially its consequences, is important to foresee when you take
on a5. Others options are much weaker:} ({After the straightforward} 22. Bd3 $2
{the position is absolutely unclear:} Nbxd3 $1 23. cxd3 Rxh2 24. Nxb7 Rb8 $13)
({The only move different from the text that keeps a better position is} 22.
Bb5 Nxc2 23. Rxe6 $1 Nxe6 24. Bd7 {White will take the knight, but it's not
clear how big are his chances to convert the advantage.} Na3+ $1 25. Ka1 $1
Nc2+ 26. Ka2 Nb4+ 27. Kb1 Rc7 28. Bxe6+ Kf8 $14) {It seems, that Black has a
lot of ideas, but all of them are just not good enough.} 22... Rxc2 ({A simple
way is} 22... Rxc3 23. bxc3 Ba2+ 24. Ka1 $18) ({or} 22... Ba2+ 23. Nxa2 Rcxc2
24. Bc4+ Rxc4 25. Rd8+ Kf7 26. Nd6+ Ke7 27. Nxc4 $18) ({More difficult to
assess in advance is} 22... Nxc2 23. Rd8+ Rxd8 24. Nxd8 Bb3 {but here White's
pawn goes more quickly than Black's intiative.} 25. a5 $1 {Just in time} ({
If it was Black to move, then the position would be unclear, for example:} 25.
h4 $2 Ne1 26. a5 $5 ({or} 26. Bb5 Nfd3) 26... Nf3 27. Rh1 Nd2+ 28. Ka1 Nxf1 29.
a6 Ne6 30. Nxe6 Bxe6 31. a7 Rf8 32. b4 Ne3 33. Kb2 Ra8 34. Ra1 $13) 25... Nb4
26. a6 Rd2 27. Nb7 $18) 23. a5 $1 {Cool decision, it looks like disregarding
Black's threats, but it is actually opening space for the king!} ({A less
convincing try is} 23. Rd8+ Rxd8 24. Nxd8 Bb3 25. a5 $1 Rd2 26. Nb7 {here
White is also in time, but the advantage is not that big.} Bc2+ (26... Nfd3 27.
Bxd3 Nxd3 28. a6 $1 $18 Rxb2+ 29. Ka1 $18 {and the pawn will promote}) 27. Ka1
Bd3 28. Nc5 $1 $16) 23... Rxh2 {With this move Black accepts that the pawn
will not be stopped, and tries to take as much as he can to compensate that.} (
{An important variation is} 23... R8xc3 24. bxc3 Ba2+ 25. Ka1 Rc1+ 26. Kb2 Rb1+
27. Ka3 Rb3+ {This is the position, where the a4-square is very important for
the king.} 28. Ka4 $1 $18) 24. a6 Bb3 25. a7 Ne6 $1 {The best chance for Black,
otherwise he can simply resign.} (25... Bc2+ 26. Ka1 Bxe4 {is refuted by} 27.
Bc4+ $1 $18) 26. Rb6 Bc2+ $5 {Provocation.} ({Black could force an endgame
similar to the text with} 26... Ra8 27. Rxb4 Bc2+ 28. Kc1 Rxa7 29. Rg2 Rh1 30.
Kxc2 Rxf1 $18) 27. Kc1 Ra8 (27... Bxe4 28. Rxb4 $18) 28. Nd6 h5 $5 {The last
interesting moment in the game, Black offers a rook for mating threats.} 29.
Rxb4 $6 {This is simpler, White gets an extra piece. Of course, it feels that
the a7-pawn already costs more, but Black's threats are starting to look more
real than ever.} ({A very nice variation is} 29. Rb8+ $5 Kh7 30. Rxa8 Nc5 {
[%cal Gc5b3,Gb4d3] I felt that this position is winning, but decided that I
don't need to put all my advantage on one variation. Indeed, there's only one
way to win:} ({On} 30... Nd4 {the simplest is} 31. b3 $18 ({If} 31. Bc4 $2 {
then mate in 2:} Nb3+ 32. Bxb3 Nd3#)) 31. Rh8+ Kxh8 32. a8=Q+ Kh7 33. Rxg7+ $1
{a very important move, otherwise White is lost} Kxg7 34. Qa7+ $18 {[%cal
Ga7c5]}) ({The simplest way to win would be the cool} 29. Nc8 $1 {the a7-pawn
is more important than the white knight. The threat of taking on b4 destroys
Black's attack} Rxc8 (29... Nc5 30. Bc4+ Kh7 31. Rxb4 $18) (29... Nd3+ 30. Bxd3
Bxd3 31. Rb8 $18) 30. Rxb4 $18) 29... Rxa7 30. Rg2 Rh1 31. Kxc2 Rxf1 {The
advantage is decisive of course, but Black has some practical chances, so the
game continues.} 32. Nf5 Nf4 33. Rg5 Rf2+ 34. Kb3 g6 ({Or} 34... Nd3 35. Rb8+
Kh7 36. Rxh5+ $1 Kg6 37. Rbh8 {[%cal Gf5h4]} Rb7+ 38. Kc4 Nxb2+ 39. Kd5 $18)
35. Rb6 Kh7 36. Nh4 Rg7 37. Nd5 $1 {It's important to activate all one's
pieces.} Nd3 38. Rbxg6 Nc5+ 39. Ka3 $1 {As far from the knight as possible.}
Rxg6 40. Rxg6 Nxe4 41. Re6 Nd2 42. b4 $1 {Now Black has no ideas, so the game
is over.} Rf1 43. Ka4 e4 44. Nf6+ Kg7 45. Nxe4 Nc4 46. Kb3 $1 Ne3 47. Nd2 Nf5
48. Rg6+ 1-0

[Event "FRA-chT Top 12"]
[Site "Montpellier"]
[Date "2015.06.01"]
[Round "3.2"]
[White "Bauer, Christian"]
[Black "Navara, David"]
[Result "1/2-1/2"]
[WhiteElo "2624"]
[BlackElo "2751"]
[Annotator "Ipatov,A"]
[PlyCount "101"]
[EventDate "2015.05.30"]
[EventType "team-tourn"]
[EventRounds "11"]
[EventCountry "FRA"]
[SourceTitle "CBM 166 Extra"]
[Source "ChessBase"]
[SourceDate "2015.06.18"]
[SourceVersion "1"]
[SourceVersionDate "2015.06.18"]
[SourceQuality "1"]
[WhiteTeam "Bois Colombes"]
[BlackTeam "Mulhouse Philidor"]
[WhiteTeamCountry "FRA"]
[BlackTeamCountry "FRA"]

1. e4 c5 2. Nf3 d6 3. d4 cxd4 4. Nxd4 Nf6 5. Nc3 a6 6. Qf3 g6 7. h3 Bg7 8. Be3
Nc6 9. O-O-O Bd7 10. Nxc6 bxc6 11. e5 dxe5 12. Bc4 O-O 13. Bc5 Rb8 14. Bb3 a5
15. Rhe1 e4 16. Qg3 Re8 17. a4 Qc8 18. Nxe4 Nxe4 19. Rxe4 Be6 20. Rxe6 fxe6 21.
h4 Rd8 22. Rxd8+ Qxd8 23. h5 Kf7 24. Qe3 Qc8 25. h6 Bf6 26. g4 Ke8 27. g5 Bh8
28. Ba3 Qd7 29. Bxe6 Qd4 30. Qf3 $2 {This position happened in the game of my
teammate Christian Bauer against David Navara. So far Christian had been
playing brilliantly and when it finally came to "taking the point and going
home", he let it go.} (30. Bf7+ $3 {[%emt 0:00:04] was a mate in} Kd7 (30...
Kxf7 31. Qxe7+ Kg8 32. Qe6#) 31. Qxe7+ Kc8 32. Be6+ Qd7 33. Qxd7#) 30... c5 $1
{Black was still clearly worse after White's blunder but somehow David managed
to hold it to a draw.} 31. c3 Qe5 32. Qe3 Rb4 33. Qxe5 Bxe5 34. cxb4 axb4 35.
Bxb4 cxb4 36. a5 Kd8 37. Kc2 Kc7 38. Kb3 Bf4 39. Kxb4 Bxg5 40. Bg8 Bxh6 41.
Bxh7 Bd2+ 42. Ka4 Be1 43. f3 g5 44. b4 Kd6 45. Bg6 Bd2 46. Bh5 Be1 47. Bg6 Bd2
48. Be4 Be1 49. f4 gxf4 50. b5 Kc5 51. a6 1/2-1/2

[Event "Brownsville UT RGV GM 3rd"]
[Site "Brownsville"]
[Date "2017.03.14"]
[Round "2"]
[White "Hevia Alejano, Carlos Antonio"]
[Black "Kambrath, Yannick"]
[Result "1/2-1/2"]
[WhiteElo "2492"]
[BlackElo "2353"]
[Annotator "Kambrath,Y"]
[PlyCount "110"]
[EventDate "2017.03.13"]
[EventType "tourn"]
[EventRounds "9"]
[EventCountry "USA"]
[SourceTitle "CBM 178"]
[Source "ChessBase"]
[SourceDate "2017.05.14"]
[SourceVersion "1"]
[SourceVersionDate "2017.05.14"]
[SourceQuality "1"]

1. e4 c5 2. Nf3 d6 3. d4 cxd4 4. Nxd4 Nf6 5. Nc3 a6 6. Be3 e5 7. Nb3 Be6 8. Qd2
Nbd7 9. O-O-O {White is trying to avoid playing f3 with some possibilities to
play f4 in one move} Be7 10. h3 Rc8 (10... b5 11. g4 O-O 12. Kb1 Qc7 13. Bg2
Nb6 14. Bxb6 Qxb6 15. f4 Bc4 16. g5 Nh5 17. fxe5 dxe5 18. Nd5 Bxd5 19. exd5 Bd6
{This is the position both sides have been aiming for. White has more space,
but the impetuous advance of his kingside pawns has left behind numerous
weaknesses.} 20. Na5 f5 21. gxf6 Rxf6 22. Rhf1 Re8 23. Rxf6 Nxf6 24. Nb3 {
Now that the danger of ...a5 has disappeared, the knight hurries to join the
rest of its army, freeing the queen from its defensive task.} e4 25. Nd4 Re5
26. c3 Qc5 27. Qe2 Nxd5 28. Bxe4 Nf6 29. Nb3 Qc7 30. Nd2 Qe7 31. Qd3 Bc5 32.
Bg2 {1/2-1/2 (32) Anand,V (2779)-Ivanchuk,V (2750) Morelia/Linares 2007 CBM
117 [Marin,M]. In spite of castling on opposite sides, both kings are in
relative safety, while in the event of simplifications the presence of
opposite coloured bishops would make a draw highly probable. Therefore, the
opponents decided to shorten the process.}) 11. Kb1 b5 12. g4 Nb6 13. g5 Nfd7 (
13... Nh5 {was possible} 14. Be2 Nc4 15. Qe1 (15. Bxc4 bxc4 16. Nc1 O-O) 15...
Nxe3 16. fxe3 g6 17. Bxh5 gxh5 18. Nd5) 14. a3 {A bit slow.} (14. f4 $5 exf4
15. Bxf4 Ne5 16. Nd5 Nxd5 (16... Nbc4 17. Qg2 O-O 18. Nd4 $14 {White has the
initiative}) 17. exd5 Bf5 18. Rc1 O-O 19. Nd4 $14 {[%csl Yd4][%cal Yd4c6,Yd4f5]
}) 14... O-O 15. h4 Nc4 (15... Qc7 16. h5 (16. Na5 Nc5) 16... Nc4 17. Bxc4 bxc4
18. Nc1 Rb8) 16. Bxc4 bxc4 17. Nc1 f5 $6 {Black was not ready to open the
position.} (17... Qc7 {[%csl Yb2][%cal Yc7b7,Yc8b8,Yb8b2]} 18. N1e2 (18. Nd5
Bxd5 19. Qxd5 Rb8 20. Ne2 Rb5 21. Qd2 Rfb8 $19) 18... Qb7 (18... Rb8 19. Ka1
Qb7 20. Rb1 f5) 19. Ka1 f5 {Now was the right moment to play ...f5.}) 18. exf5
Rxf5 19. N1e2 Nb6 20. f4 Qc7 21. Rhf1 $6 (21. Ng3 Rff8 22. f5 $1 Bxf5 23. Nxf5
Rxf5 24. Bxb6 Qxb6 25. Qd5+ {White dominates the light squares} Kh8 26. Qe6 Rb8
27. Na4 Qb5 28. Qxf5 $18) 21... Rff8 22. Ng3 $14 Bg4 23. Rde1 Rb8 24. f5 Kh8 {
Avoiding some checks on d5 and preparing the push ...d5.} 25. Ka1 $2 (25. f6
gxf6 26. gxf6 Rxf6 27. Rxf6 Bxf6 28. Nge4 Nd7 29. Rf1 Qb7 30. Qc1 $16) 25... d5
$1 26. f6 (26. Nxd5 Nxd5 27. Qxd5 Rfd8 28. Qe4 Qa5 $19 {[%cal Ye7a3]}) 26...
gxf6 27. gxf6 Bxf6 (27... Rxf6 28. Rxf6 Bxf6 29. Nxd5 Nxd5 30. Qxd5 c3 31. b3
Bxh4) 28. Nxd5 (28. Bh6) 28... Nxd5 29. Qxd5 Bxh4 $15 (29... c3 30. b3) 30. Rg1
c3 31. b3 Bf3 32. Qe6 Qe7 33. Qxe7 Bxe7 34. Bh6 Rg8 35. Rxe5 Bd6 (35... Bxa3
36. Be3 Rbd8 {[%csl Yd4]} 37. Rf5 Bb7 $15) 36. Rf5 Bg4 37. Be3 Rg6 38. Bd4+ Kg8
39. Rff1 Re8 40. Nh1 Re2 41. Kb1 Bxa3 $6 {Taking the pawn and losing an
important tempo.} (41... Bh2 $1 $17 42. Ng3 Ree6 43. Rg2 Bh3 44. Rxh2 Bxf1 45.
Nh5 Rg2) 42. Ng3 Re8 43. Rh1 Rf8 $1 {The only move which gave hope of an
advantage.} 44. Be5 Rxf1+ (44... Bf3 45. Rh4 Rg5 $15) 45. Rxf1 Re6 (45... Bd6
46. Bxd6 Rxd6 47. Ne4 Rd1+ 48. Rxd1 Bxd1 49. Nxc3 Bf3 50. Kc1 h5 51. Kd2 h4 $11
) 46. Bxc3 Re3 $6 (46... h5 $15) 47. Rg1 $1 {White's trick.} Kf7 48. Bd2 Re6
49. Rh1 Kg8 50. Rh4 Rg6 51. b4 Be6 52. Be1 a5 53. bxa5 Bd6 54. Ne2 Bg4 55. Nd4
h5 1/2-1/2

[Event "Southwest op 83rd"]
[Site "Irving"]
[Date "2017.09.03"]
[Round "7"]
[White "Preotu, Razvan"]
[Black "Kambrath, Yannick"]
[Result "0-1"]
[WhiteElo "2501"]
[BlackElo "2323"]
[Annotator "Kambrath,Y"]
[PlyCount "116"]
[EventDate "2017.08.31"]
[EventType "swiss"]
[EventRounds "9"]
[EventCountry "USA"]
[SourceTitle "CBM 182"]
[Source "ChessBase"]
[SourceDate "2018.01.17"]
[SourceVersion "1"]
[SourceVersionDate "2018.01.17"]
[SourceQuality "1"]

1. e4 c5 2. Nf3 d6 3. d4 cxd4 4. Nxd4 Nf6 5. Nc3 a6 6. h3 e5 7. Nde2 b5 8. g4
b4 9. Nd5 Nxd5 10. Qxd5 (10. exd5 {is also possible} h5 11. gxh5 Rxh5 12. a3 {
as in a Caruana-So game.}) 10... Ra7 11. Be3 Be6 12. Qd2 (12. Qd3 {is the main
move here.} Rb7 13. Bg2 Be7 14. O-O O-O $13) 12... Rb7 (12... Rd7 13. Qxb4 d5
14. Qa4 d4 15. Bd2 Qb6 16. b4 Bd6 17. Ng3 O-O 18. Bd3 Rc8 19. O-O g6 $44 {
Black has compensation for the pawn. This is a double-edged position.}) 13. Bg2
Be7 14. Ng3 g6 15. g5 $5 {White didn't castle and has ideas to open the h-file
with the rook still on h1.} Qc8 {[%cal Yc8c2,Yb7c7,Yc7c2,Yc8h3]} 16. h4 Rc7 {
[%csl Yc2]} 17. Rc1 Nc6 18. c4 (18. h5 a5 {White's attack is too slow and
Black expands on the queenside.} 19. hxg6 fxg6 20. c4 $6 bxc3 21. Rxc3 Nb4 22.
a3 Rxc3 23. bxc3 Na6 $15) 18... bxc3 (18... a5 $5 19. b3 O-O 20. h5 Qd7 $11 {
[%cal Yf8a8,Ya5a4]}) 19. Rxc3 O-O 20. O-O Qb7 21. Rfc1 Rfc8 22. Ne2 Bf8 (22...
Bxa2 $5 23. b3 Bxb3 24. Rb1 Na5 25. Rd3 Qb5 26. Rd5 Nc4 $1 27. Qc3 Qd7 28. Qxb3
Qg4 $11 {and the computer gives equality.}) 23. a3 Be7 24. b3 Na7 {[%csl Yb3]
[%cal Ya7b5]} 25. Rxc7 Rxc7 26. Rxc7 Qxc7 27. Nc3 Nb5 28. Nd5 $6 (28. Nxb5 axb5
29. a4 bxa4 30. bxa4 $14 {White can hope for something with his passed a pawn.}
) 28... Bxd5 29. Qxd5 Nxa3 30. Qa8+ Kg7 31. Qxa6 Nc2 32. Bd2 Nd4 33. Qd3 Bd8 {
[%csl Yd4][%cal Yc7c5,Yd8b6,Yb6f2] Black aims to take control over the dark
squares.} 34. Kh2 Qc8 {[%cal Yc8g4]} 35. Bh3 Qc6 $11 {[%cal Yd8b6,Yd6d5]} 36.
f4 Bb6 37. f5 $6 {This move will give Black some attacking chances.} gxf5 38.
exf5 Qf3 $1 39. f6+ Kg8 40. Qc4 $2 ({White's only way to defend is with} 40.
Qe3 Qc6 41. Bg2 d5 $15) (40. Bf1 Qxd3 41. Bxd3 Nf3+ $19) (40. Qc3 Qf2+ 41. Kh1
Ne6 42. Qc1 Qxh4 $19) 40... Qf2+ 41. Kh1 Ne6 {[%cal Yf2g1]} 42. Qc8+ Nf8 43.
Qc1 Qxh4 $19 44. Qf1 Ne6 (44... Bf2 $1 45. Qg2 Qd4 {[%csl Yd2]} 46. Ba5 e4 $19
{[%cal Ye4e1]}) 45. Be1 Qxg5 46. Qg2 Qxg2+ 47. Bxg2 Nf4 48. Bf3 d5 49. Bd2 e4
50. Bxe4 dxe4 51. Bxf4 Kf8 {This ending is lost.} 52. Kg2 Ke8 53. Kf1 Kd7 54.
Ke2 Ke6 55. b4 Kd5 56. Be3 Bd8 57. Bg5 Bb6 58. Be3 Bd4 0-1

[Event "World Cup"]
[Site "Khanty-Mansiysk"]
[Date "2007.12.08"]
[Round "5.4"]
[White "Karjakin, Sergey"]
[Black "Alekseev, Evgeny V"]
[Result "1-0"]
[WhiteElo "2694"]
[BlackElo "2716"]
[Annotator "Karjakin,S"]
[PlyCount "53"]
[EventDate "2007.11.24"]
[EventType "k.o."]
[EventRounds "7"]
[EventCountry "RUS"]
[SourceTitle "CBM 122"]
[Source "ChessBase"]
[SourceDate "2008.01.30"]
[SourceVersion "1"]
[SourceVersionDate "2008.01.30"]
[SourceQuality "1"]

{This was the second game of the tiebreak. In the first game Evgeny did not
put much problems to me, so in the second game having the white colour I was
in a very agressive mood! Dies war die zweite Partie des Stichkampfs. In der
ersten hatte mich Evgeny vor keine großen Probleme gestellt, daher war ich in
der zweiten mit den weißen Figuren äußerst aggressiv gestimmt!} 1. e4 c5 2. Nf3
d6 3. d4 cxd4 4. Nxd4 Nf6 5. Nc3 a6 6. Be3 e5 7. Nb3 Be7 8. f3 Be6 9. Qd2 Nbd7
10. g4 O-O 11. O-O-O Qc7 12. Kb1 b5 13. g5 Nh5 {One of the pet lines of my
opponent. I thought that he knows the positions after 14.Nd5 very well, that
is why I decided to switch to the less popular line. Eine der Stammvarianten
meines Gegners. Ich dachte mir, dass er die Stellungen nach 14.Nd5 sehr gut
kennt, daher beschloss ich, auf das weniger populäre Abspiel umzusteigen.} 14.
f4 exf4 15. Bxf4 Nxf4 16. Qxf4 Rac8 17. Nd4 Nb6 18. Bd3 Qc5 19. Nf5 $1 $146 ({
This move was recommended in "Chess Today" as a possible improvement on the
game Grischuk-Areshchenko in which after Dieser Zug wurde in "Chess Today"
empfohlen als mögliche Verbesserung gegenüber der Partie Grischuk-Areshchenko,
in der man sich nach} 19. Nd5 Nxd5 20. exd5 Bxd5 21. Nf5 Rce8 22. Nxe7+ Rxe7
23. Bxh7+ Kxh7 {they agreed to a draw. auf Remis einigte.}) 19... Rce8 $2 {
Trying to get the same position, but here a surprise was waiting for him!
Versucht, die gleiche Stellung zu erreichen, aber hier erwartete ihn eine
Überraschung!} (19... Rfe8 20. Nxe7+ Rxe7 21. e5 $1 {was also bad. war
ebenfalls schlecht.}) ({Right was Richtig war} 19... Bd8 $1 {The position is
very unclear, in many lines very precise play from Black is required and in a
rapid game it is not simple at all! Die Stellung ist sehr unklar; in vielen
Varianten wird Schwarz äußerst genaues Spiel abverlangt, und in einer
Schnellpartie ist dies keineswegs einfach!}) 20. Nxe7+ Rxe7 21. e5 $1 $16 d5 {
Sad necessity! Other moves are just bad. Traurige Notwendigtkeit! Andere Züge
sind einfach schlecht.} (21... Qxe5 22. Qh4 g6 23. Rhe1 $16) (21... dxe5 22.
Qh4 f5 23. gxf6 gxf6 24. Ne4 Qc6 25. Nxf6+ Rxf6 26. Rhg1+ $18) 22. h4 $1 {
Probably White has more positional moves, but this move seemed to me as the
most energetic! Wahrscheinlich hat Weiß auch positionellere Züge, aber dies
schien mir am energischsten!} Nc4 (22... Nd7 23. Rde1 b4 24. Ne2 a5 25. Nd4 $16
) (22... b4 23. Ne2 Nc4 24. Nd4 $16) 23. h5 d4 $2 {The decisive mistake! Der
entscheidende Fehler!} ({It was essential to play Erforderlich war} 23... Qe3
$8 {although after , obwohl nach} 24. Qh4 Rb7 (24... Rfe8 25. h6 g6 26. Rhe1
$16) (24... Rc7 25. h6 g6 26. Rhe1 Qf3 27. Qd4 $16) 25. Rhe1 Qc5 26. Ka1 Rc8
27. h6 g6 28. Bxc4 bxc4 29. Qf4 Qb4 30. Rb1 Qe7 31. Red1 $16 {White has a
clear advantage. Weiß klaren Vorteil hat.}) 24. h6 $1 $18 {Now White wins by
force! Jetzt gewinnt Weiß forciert!} g6 ({More stubborn was Hartnäckiger war} 
24... Qxe5 {and White has to find a few strong moves: , wonach Weiß noch ein
paar starke Züge finden muss:} 25. Bxh7+ $1 Kxh7 26. hxg7+ Kxg7 27. Qh4 Bf5 (
27... Rc8 28. Qh6+ Kg8 29. Qf6 $1 (29. Ne4 Qg7 30. Nf6+ Kf8 $11) 29... Qxf6 30.
gxf6 $18) 28. Qh6+ Kg8 29. Nd5 Bxc2+ 30. Ka1 f5 31. gxf6 Rh7 32. Rdg1+ Kf7 33.
Rg7+ Ke8 34. Rxh7 Bxh7 35. Qxh7 d3 36. Qe7+ Qxe7 37. fxe7 $18) 25. Nd5 ({
Also winning is Ebenfalls zum Sieg führt} 25. Bxc4 Bxc4 26. Ne4 Qxe5 (26... Qc6
27. Rxd4 $18) 27. Qxe5 Rxe5 28. Nf6+ Kh8 29. Nd7 $18) 25... Qxd5 (25... Na3+
26. Kc1 $18) (25... Nd2+ 26. Kc1 $18) 26. Bxc4 Qxc4 27. Qf6 {Black resigned.
Although it was just a rapid game, I think that this was my best game in the
World Cup! Schwarz gab auf. Obwohl dies nur eine Schnellpartie war, halte ich
dies für meine beste Leistung beim World Cup!} 1-0